| 000 | 00522nam a2200193Ia 4500 | ||
|---|---|---|---|
| 005 | 20250508162803.0 | ||
| 008 | 008 250505s9999 xx 000 0 eng d | ||
| 037 | _aTextual | ||
| 040 |
_aFEDL _beng _cFEDL |
||
| 041 |
_aeng _2eng |
||
| 084 |
_a370, NAR _qFEDL |
||
| 100 |
_aNarendra Deva Acharya _9774047 |
||
| 245 | 0 | _aSahitya, shiksha evam sanskriti | |
| 260 |
_aDelhi, India _bPrabhat Prakashan |
||
| 300 | _a200p. | ||
| 650 | _aEducation | ||
| 942 |
_cTEXL _h370, NAR |
||
| 999 |
_c1378684 _d1378684 |
||